[Event "Khanty-Mansiysk FIDE GP"]
[Site "Khanty-Mansiysk"]
[Date "2015.05.25"]
[Round "10"]
[White "Vachier Lagrave, Maxime"]
[Black "Svidler, Peter"]
[Result "1/2-1/2"]
[WhiteElo "2754"]
[BlackElo "2734"]
[Annotator "Marin,M"]
[PlyCount "66"]
[EventDate "2015.05.14"]
[EventType "tourn"]
[EventRounds "11"]
[EventCountry "RUS"]
[EventCategory "21"]
[SourceTitle "CBM 167"]
[Source "ChessBase"]
[SourceDate "2015.07.13"]
[SourceVersion "1"]
[SourceVersionDate "2015.07.13"]
[SourceQuality "1"]

1. e4 {[%emt 0:00:04]} e5 {[%emt 0:00:06]} 2. Nf3 {[%emt 0:00:04]} Nc6 {
[%emt 0:00:04]} 3. Bb5 {[%emt 0:00:04]} a6 {[%emt 0:00:02]} 4. Ba4 {[%emt 0:00:
03]} Nf6 {[%emt 0:00:03]} 5. O-O {[%emt 0:00:05]} Be7 {[%emt 0:00:03]} 6. Re1 {
[%emt 0:00:05]} b5 {[%emt 0:00:03]} 7. Bb3 {[%emt 0:00:04]} d6 {[%emt 0:00:05]}
8. c3 {[%emt 0:00:04]} O-O {[%emt 0:00:04]} 9. h3 {[%emt 0:00:04]} Re8 {
[%emt 0:00:16]} 10. d4 {[%emt 0:00:43]} Bb7 {[%emt 0:00:05]} 11. a3 $5 {
[%emt 0:09:39] An old-fashioned move and an increasingly popular one at the
same time. White avoids forcing play in the opening and spends a tempo on
ensuring the bishop's stay on the a4-f7 diagonal. In some cases the last move
could prove useful for gaining queenside space advantage with b2-b4 and c3-c4.}
h6 {[%emt 0:05:55]} 12. Nbd2 {[%emt 0:04:46]} Bf8 {[%emt 0:00:13]} 13. d5 {
[%emt 0:01:51] Just one of the possible moves.} (13. Ba2 {is not without
poison:} Nb8 14. Qb3 {Forcing the enemy queen to occupy an unfavourable square.
} (14. d5 c6 15. c4 {Sutovsky,E (2674)-Bacrot,E (2729) Dortmund 2005 CBM 108 
[Erenburg,S] (0-1, 31)}) 14... Qd7 (14... Qe7 15. a4) 15. Qc2 c5 16. d5 c4 17.
b3 $1 {Anand,V (2786)-Morozevich,A (2760) Moscow 2013 CBM 155 [Pavlovic,M] 
(1-0, 60). Opening the queenside before Black could regroup with ...Qc7 and ...
Nbd7 ensured White the initiative.}) (13. Bc2 {may look illogical, as the
bishop abandons the active diagonal just after having cleared the a2-square.
But as said, the move a2-a3 can be useful for another plan, too:} Nb8 (13... d5
{Bologan,V (2692)-Cheparinov,I (2671) Khanty-Mansiysk 2009 CBM 134 [Postny,E] 
(1/2-1/2, 42), does not seem to equalise completely, judging from Postny's
comments.}) 14. b4 (14. b3 Nbd7 15. Bb2 g6 16. a4 c6 {Gelfand,B (2709)-Vescovi,
G (2633) Bermuda 2004 CBM 099 [Gelfand,B] (1/2-1/2, 38)}) 14... Nbd7 15. Bb2 g6
16. c4 {Inarkiev,E (2650)-Wang,H (2624) Nizhnij Novgorod 2007 CBM 120 
[Inarkiev,E] (1-0, 59). White seems to have the initiative in the centre, but
according to the winner, Black should have enough dynamic resources to keep
the position balanced.}) 13... Nb8 {[%emt 0:01:17] I have no clue as to which
of the three natural knight moves is better, they all seem playable.} (13...
Ne7 {increases the pressure on d5 in anticipation of ...c7-c6 and makes a
later knight transfer to g6 possible, securing the kingside against the
typical Spanish attack.} 14. Nh2 Qd7 {Navara,D (2722)-Saric,I (2626)
Aix-les-Bains 2011 CBM 142B [Marchand,A/Primel,D] (0-1, 87)}) (13... Na5 {
is very rare, but does not have obvious drawbacks.} 14. Ba2 (14. Bc2 {is not
too logical. Since in the ensuing structure White will play a3-a4 anyway, it
means he has just lost a tempo.} c6 15. b4 Nc4 16. Nxc4 bxc4 17. dxc6 Bxc6 18.
a4 Qc7 19. Qe2 d5 $132 {Kurnosov,I (2668)-Magomedov,M (2511) Khanty-Mansiysk
2010 (1-0, 29)}) 14... c6 15. b4 Nc4 16. Nxc4 bxc4 17. Bxc4 cxd5 18. Bxd5 (18.
exd5 {leaves White with his c3-pawn hanging.} Rc8 19. Qb3 Qc7 20. Nd2 Nd7 $132)
18... Nxd5 19. exd5 e4 20. Nh2 Qc7 ({It would have been better to keep the
queen available for kingside operations:} 20... Rc8 21. Bb2 Qg5 $132 22. Nf1 h5
$5 23. Ne3 f5 24. h4 Qg6 25. f4 {This attempt to keep the kingside blocked is
met with} Be7 {[%csl Gh4]}) 21. Bb2 Qc4 22. Ng4 Qxd5 23. Ne3 Qe6 24. c4 {
with some light pressure in Sidorenko,I (2409)-Bhat,V (2536) Collado Villalba
2010}) 14. Nh2 {[%emt 0:02:23]} Nbd7 {[%emt 0:18:30]} 15. Qf3 {[%emt 0:04:48]}
c6 {[%emt 0:03:13] Opening the centre at once.} ({Another possibility is} 15...
Qc8 16. Ndf1 c6 17. dxc6 Qxc6 {Karjakin,S (2722)-Grischuk,A (2733) Bilbao 2009
CBM 132 [Ftacnik,L] (1-0, 39)}) 16. dxc6 {[%emt 0:00:29]} Bxc6 {[%emt 0:00:54]}
17. Ng4 {[%emt 0:01:34] White starts the thematic fight for the d5-square,
with some hopes of creating kingside threats, too.} Qe7 {[%emt 0:00:22]} (17...
Nc5 18. Ba2 {This keeps the bishop on the active diagonal, but leaves the
d3-square undefended.} (18. Nxf6+ Qxf6 19. Qxf6 gxf6 20. Bc2 {may offer better
chances for a slight advantage, as ...d6-d5 would only increase the weakness
of the f5-square.}) 18... Ra7 19. b4 ({If} 19. Nxf6+ Qxf6 20. Qxf6 gxf6 {
[%csl Gd3] the permanent threat of ...Nd3 offers Black counterplay.}) 19... Na4
20. Nf1 Nxg4 21. hxg4 Rd7 22. c4 Nb6 23. cxb5 axb5 24. Ne3 d5 $11 {Zhigalko,S 
(2671)-Inarkiev,E (2672) Moscow 2011 (1/2-1/2, 43)}) ({The plan based on} 17...
a5 {is coherent strategically, but loses too much time:} 18. Ba2 Qe7 19. Nf1
Nxg4 20. hxg4 Nc5 21. g5 hxg5 22. Bxg5 Qb7 23. Ng3 a4 24. Rad1 Nb3 25. Nf5 Re6
26. Rd3 $40 {White got a decisive attack soon in Topalov,V (2796)-Morozevich,A
(2771) Nice 2009 (1-0, 43)}) 18. Nf1 {[%emt 0:05:24]} (18. Ba2 {actually loses
a tempo with respect to the main game, since White will exchange the minor
pieces on d5 soon. But Black defended much worse in this game:} Nxg4 19. hxg4
Qf6 20. Nf1 Qxf3 21. gxf3 Red8 22. Ne3 Nb6 23. Rd1 Rac8 24. Nd5 Nxd5 25. Bxd5
Bxd5 26. Rxd5 Rc5 27. Be3 (27. Rd3 $5) 27... Rb8 {There must be some mistakes
with the game's recording The next sequence does not make sense, but later the
endgame is quite typical.} (27... Rxd5 28. exd5 Rb8 {looks OK for Black.}) 28.
Kf1 f6 29. Ke2 Kf7 30. Kd3 g5 $6 {Depriving Black of ...f6-f5.} 31. b4 Rc7 32.
a4 Rcb7 33. axb5 axb5 34. Ra7 Ke6 35. Rxb7 Rxb7 36. c4 bxc4+ 37. Kxc4 Be7 38.
b5 $16 {Quesada Perez,Y (2620)-Ibragimov,I (2545) Toluca 2011 (1-0, 51)}) 18...
Nxg4 {[%emt 0:04:10]} 19. hxg4 {[%emt 0:03:37]} Qf6 $146 {[%emt 0:04:53]
Strictly speaking, this is a novelty, but it will lead to a familiar structure.
} (19... Nc5 20. Ba2 g6 (20... Qb7 21. Ng3 Rad8 22. g5 hxg5 23. Bxg5 Rd7 24.
Rad1 $14 {Jansa,V (2495)-Ohme,M (2310) Germany 2009 (1-0, 39)}) 21. Ng3 Bg7 {
Ashwin,J (2434)-Kravtsiv,M (2545) Chennai 2010 (0-1, 38)} 22. Rd1 Rad8 23. Be3
Qb7 24. Bd5 $14) 20. Ne3 {[%emt 0:04:46]} ({White needs to increase his
control over d5 immediately. If} 20. Qxf6 Nxf6 {the pressure on e4 yields
Black a vital tempo for opening the centre:} 21. f3 d5 $132) 20... Qxf3 {
[%emt 0:00:15] Unlike his opponent, Black is more or less forced to release
the tension.} (20... g6 21. Bd5 $14) (20... Nb6 21. Qxf6 gxf6 22. f3 $16 {
[%csl Gd5,Gf5]}) 21. gxf3 {[%emt 0:00:05] The white pawns look a bit funny.
Even if he has an advantage in the centre and possibly on the queenside, the
lack of kingside flexibility restricts White's chances of achieving something
concrete.} Nb6 {[%emt 0:00:03]} 22. Rd1 {[%emt 0:02:09]} Rac8 {[%emt 0:01:01]}
23. Nd5 {[%emt 0:01:55]} Nxd5 {[%emt 0:03:45]} 24. Bxd5 {[%emt 0:00:26]} Bxd5 {
[%emt 0:01:42]} 25. Rxd5 {[%emt 0:00:09]} Rc4 {[%emt 0:00:38]} (25... Rc5 26.
Rd3 {[%cal Gc1e3] more or less transposes.}) 26. Be3 {[%emt 0:04:11]} f6 {
[%emt 0:04:27]} 27. Kf1 {[%emt 0:03:38]} Kf7 {[%emt 0:01:36]} 28. Ke2 {[%emt 0:
04:21]} Ke6 {[%emt 0:08:00]} 29. Kd3 {[%emt 0:02:14]} g6 $1 {[%emt 0:00:13]
This is the real improvement over the game Quesada-Ibragimov above.} 30. Rh1 {
[%emt 0:08:12]} (30. b3 Rc6 31. a4 Rec8 32. Bd2 Rc5 $1 {Trapping the active
rook.} 33. axb5 axb5 34. Rxc5 dxc5 35. Ra6+ Kf7 36. Ra7+ Ke6 37. f4 {White's
advantage may be purely symbolic.}) 30... Re7 {[%emt 0:01:27]} 31. f4 $6 {
[%emt 0:08:11] Allowing Black to equalise at once.} (31. Bxh6 $2 Rh7) (31. b3
$5 Rc8 32. f4 f5 33. fxe5 dxe5 34. gxf5+ gxf5 35. f3 Rec7 36. Bd2 {White is
more active, but I wonder if he can make progress.}) 31... Rxe4 $1 {[%emt 0:02:
12]} 32. Rxd6+ {[%emt 0:00:08]} (32. Kxe4 f5+ 33. gxf5+ gxf5+ {wins apawn.})
32... Kxd6 {[%emt 0:00:05]} 33. Kxe4 {[%emt 0:00:05]} exf4+ {[%emt 0:00:07]}
1/2-1/2

[Event "St Petersburg Summer rapid"]
[Site "St Petersburg"]
[Date "2015.08.29"]
[Round "1"]
[White "Svidler, Peter"]
[Black "Rerikh, Roman"]
[Result "1-0"]
[WhiteElo "2739"]
[BlackElo "2076"]
[PlyCount "89"]
[EventDate "2015.08.29"]
[EventType "swiss (rapid)"]
[EventRounds "11"]
[EventCountry "RUS"]
[SourceTitle "EXT 2016"]
[Source "ChessBase"]
[SourceDate "2015.10.08"]
[SourceVersion "1"]
[SourceVersionDate "2015.10.08"]
[SourceQuality "1"]

1. Nf3 d6 2. e4 g6 3. d4 Bg7 4. Nc3 Bg4 5. Be2 Nf6 6. h3 Bxf3 7. Bxf3 c6 8. Bf4
O-O 9. Qd2 Re8 10. O-O-O Qa5 11. Be3 Nbd7 12. Kb1 Nb6 13. Be2 Rac8 14. g4 Nfd7
15. Qe1 c5 16. Bd2 Na4 17. Nd5 Qd8 18. Bb5 Nab6 19. Nxb6 axb6 20. Bc3 cxd4 21.
Bxd4 Qc7 22. c3 Red8 23. Qe2 Ra8 24. h4 Ra5 25. h5 Bxd4 26. cxd4 g5 27. Rc1 Qb8
28. h6 Nf8 29. Rh5 f6 30. f4 gxf4 31. g5 Rc8 32. Rg1 Ng6 33. gxf6 exf6 34. Rf5
Qc7 35. a4 Qf7 36. e5 dxe5 37. dxe5 Qb3 38. Rxf6 f3 39. Rxf3 Qd5 40. Rd1 Qc5
41. Rc3 Qf8 42. Rxc8 Qxc8 43. e6 Qf8 44. e7 Qxe7 45. Qc4+ 1-0

[Event "St Petersburg Summer rapid"]
[Site "St Petersburg"]
[Date "2015.08.29"]
[Round "2"]
[White "Plotkin, Victor"]
[Black "Svidler, Peter"]
[Result "0-1"]
[WhiteElo "2267"]
[BlackElo "2739"]
[PlyCount "66"]
[EventDate "2015.08.29"]
[EventType "swiss (rapid)"]
[EventRounds "11"]
[EventCountry "RUS"]
[SourceTitle "EXT 2016"]
[Source "ChessBase"]
[SourceDate "2015.10.08"]
[SourceVersion "1"]
[SourceVersionDate "2015.10.08"]
[SourceQuality "1"]

1. e4 c5 2. c3 Qa5 3. Nf3 d6 4. Bc4 Nf6 5. d3 Nc6 6. O-O g6 7. Nbd2 Bg7 8. Re1
O-O 9. h3 b5 10. Bb3 Qc7 11. Nf1 a5 12. d4 cxd4 13. cxd4 a4 14. Bc2 Bb7 15. Bg5
d5 16. Bxf6 exf6 17. Ne3 dxe4 18. Bxe4 f5 19. Bxc6 Qxc6 20. Rc1 Qb6 21. d5 Rad8
22. Qd2 Qd6 23. Red1 f4 24. Nc2 Qxd5 25. Qxf4 Qxd1+ 26. Rxd1 Rxd1+ 27. Kh2 Bxf3
28. Qxf3 Rd2 29. Ne3 Rxb2 30. Qd5 Rxf2 31. Ng4 Rb2 32. a3 b4 33. axb4 a3 0-1

[Event "St Petersburg Summer rapid"]
[Site "St Petersburg"]
[Date "2015.08.29"]
[Round "3"]
[White "Svidler, Peter"]
[Black "Smirnov, Artem"]
[Result "1-0"]
[WhiteElo "2739"]
[BlackElo "2440"]
[PlyCount "89"]
[EventDate "2015.08.29"]
[EventType "swiss (rapid)"]
[EventRounds "11"]
[EventCountry "RUS"]
[SourceTitle "EXT 2016"]
[Source "ChessBase"]
[SourceDate "2015.10.08"]
[SourceVersion "1"]
[SourceVersionDate "2015.10.08"]
[SourceQuality "1"]

1. Nf3 Nf6 2. g3 b5 3. d3 c5 4. e4 Bb7 5. Bg2 d6 6. O-O g6 7. Re1 e5 8. d4 cxd4
9. Nxd4 a6 10. a4 bxa4 11. Rxa4 Nbd7 12. Nb3 Rc8 13. Nc3 h5 14. h3 Be7 15. Be3
Kf8 16. Na5 Ba8 17. Nd5 Kg7 18. b4 h4 19. g4 Nxd5 20. exd5 Nb6 21. Ra2 Nc4 22.
Nc6 Bxc6 23. dxc6 Nxe3 24. Rxe3 Qb6 25. Bd5 Bg5 26. Rc3 Qxb4 27. Rb3 Qc5 28.
Rb7 Rhf8 29. Rxa6 Bf4 30. Kg2 Kh6 31. Qd3 Ra8 32. Rb5 Qd4 33. Qxd4 exd4 34.
Rxa8 Rxa8 35. Rb7 Ra5 36. c7 Rc5 37. Bxf7 d5 38. Rb6 Rxc7 39. Bxg6 Kg7 40. Bd3
Bd2 41. Rd6 Rf7 42. Rxd5 Be1 43. Bf5 Bc3 44. Kf3 Re7 45. g5 1-0

[Event "St Petersburg Summer rapid"]
[Site "St Petersburg"]
[Date "2015.08.29"]
[Round "4"]
[White "Goganov, Aleksey"]
[Black "Svidler, Peter"]
[Result "1/2-1/2"]
[WhiteElo "2603"]
[BlackElo "2739"]
[PlyCount "111"]
[EventDate "2015.08.29"]
[EventType "swiss (rapid)"]
[EventRounds "11"]
[EventCountry "RUS"]
[SourceTitle "EXT 2016"]
[Source "ChessBase"]
[SourceDate "2015.10.08"]
[SourceVersion "1"]
[SourceVersionDate "2015.10.08"]
[SourceQuality "1"]

1. e4 c5 2. Nf3 e6 3. d4 cxd4 4. Nxd4 a6 5. c4 Nf6 6. Nc3 Qc7 7. Be2 Nc6 8. O-O
Nxd4 9. Qxd4 Bd6 10. g3 O-O 11. Be3 Be5 12. Qd3 Bxc3 13. bxc3 b5 14. c5 Bb7 15.
f3 Bc6 16. Qd6 Ne8 17. Qxc7 Nxc7 18. c4 b4 19. Rfb1 a5 20. a3 Na6 21. Bf4 b3
22. Rxb3 Nxc5 23. Rb2 Rfc8 24. Rab1 a4 25. Bd6 Nb3 26. Bd1 f6 27. Bxb3 axb3 28.
Rxb3 Kf7 29. Kf2 h5 30. Ke3 Ra4 31. Rc3 Ra6 32. Bb4 g5 33. Rd1 Kg6 34. f4 gxf4+
35. gxf4 Kf7 36. Rg1 Raa8 37. Kd4 Rg8 38. Rcg3 Rxg3 39. Rxg3 Rg8 40. Rxg8 Kxg8
41. e5 Kf7 42. Ba5 Kg6 43. Bd8 fxe5+ 44. Kxe5 Ba4 45. h4 Bc6 46. Bg5 Ba4 47.
Kd6 Kf5 48. Kc5 Bc6 49. Kb4 e5 50. fxe5 Kxe5 51. a4 Kd6 52. Bf4+ Ke7 53. c5 Kd8
54. a5 Kc8 55. a6 Bf3 56. Bd6 1/2-1/2

[Event "St Petersburg Summer rapid"]
[Site "St Petersburg"]
[Date "2015.08.29"]
[Round "5"]
[White "Svidler, Peter"]
[Black "Sakaev, Konstantin"]
[Result "1/2-1/2"]
[WhiteElo "2739"]
[BlackElo "2594"]
[PlyCount "30"]
[EventDate "2015.08.29"]
[EventType "swiss (rapid)"]
[EventRounds "11"]
[EventCountry "RUS"]
[SourceTitle "EXT 2016"]
[Source "ChessBase"]
[SourceDate "2015.10.08"]
[SourceVersion "1"]
[SourceVersionDate "2015.10.08"]
[SourceQuality "1"]

1. Nf3 d5 2. g3 Nf6 3. Bg2 c6 4. c4 g6 5. b3 Bg7 6. Bb2 O-O 7. O-O b6 8. d3 Bb7
9. Qc2 c5 10. cxd5 Qxd5 11. Nc3 Qd7 12. Rfd1 Nc6 13. e3 Rac8 14. Qe2 Ba6 15.
Rd2 Rfd8 1/2-1/2

[Event "St Petersburg Summer rapid"]
[Site "St Petersburg"]
[Date "2015.08.30"]
[Round "6"]
[White "Sychev, Klementy"]
[Black "Svidler, Peter"]
[Result "1/2-1/2"]
[WhiteElo "2414"]
[BlackElo "2739"]
[PlyCount "66"]
[EventDate "2015.08.29"]
[EventType "swiss (rapid)"]
[EventRounds "11"]
[EventCountry "RUS"]
[SourceTitle "EXT 2016"]
[Source "ChessBase"]
[SourceDate "2015.10.08"]
[SourceVersion "1"]
[SourceVersionDate "2015.10.08"]
[SourceQuality "1"]

1. d4 d6 2. e4 Nf6 3. Nc3 g6 4. Nf3 Bg7 5. Be3 O-O 6. Qd2 Bg4 7. Be2 Nc6 8. O-O
e5 9. d5 Ne7 10. Rad1 a6 11. Ne1 Bd7 12. Nd3 Ne8 13. f4 exf4 14. Bxf4 b5 15.
Bh6 Qb8 16. Bxg7 Kxg7 17. e5 Qb6+ 18. Kh1 Bf5 19. Qg5 f6 20. exf6+ Nxf6 21. Bf3
Bxd3 22. Rxd3 Nf5 23. Ne2 h6 24. Qd2 g5 25. g4 Nh4 26. Nd4 Nxg4 27. Ne6+ Kh8
28. Nxg5 hxg5 29. Qxg5 Nf2+ 30. Rxf2 Qxf2 31. Qh6+ Kg8 32. Qg5+ Kh8 33. Qh6+
Kg8 1/2-1/2

[Event "St Petersburg Summer rapid"]
[Site "St Petersburg"]
[Date "2015.08.30"]
[Round "7"]
[White "Svidler, Peter"]
[Black "Slugin, Sergey"]
[Result "1-0"]
[WhiteElo "2739"]
[BlackElo "2369"]
[PlyCount "89"]
[EventDate "2015.08.29"]
[EventType "swiss (rapid)"]
[EventRounds "11"]
[EventCountry "RUS"]
[SourceTitle "EXT 2016"]
[Source "ChessBase"]
[SourceDate "2015.10.08"]
[SourceVersion "1"]
[SourceVersionDate "2015.10.08"]
[SourceQuality "1"]

1. Nf3 d5 2. g3 c6 3. c4 Nf6 4. Bg2 g6 5. O-O Bg7 6. Qb3 O-O 7. d4 Ne4 8. Nc3
Nxc3 9. bxc3 dxc4 10. Qxc4 Nd7 11. a4 e5 12. a5 exd4 13. cxd4 Nf6 14. a6 Qd5
15. axb7 Bxb7 16. Ne5 Qxc4 17. Nxc4 Nd5 18. e3 Rfc8 19. Ba3 Ba6 20. Rfc1 Bxc4
21. Rxc4 Bf8 22. Bxf8 Kxf8 23. Rxc6 Rxc6 24. Bxd5 Rcc8 25. Bxa8 Rxa8 26. Ra6
Ke7 27. e4 Kd7 28. e5 Kc8 29. d5 Kb7 30. Rf6 a5 31. Rxf7+ Kb6 32. e6 a4 33. e7
Re8 34. d6 Kc6 35. Rxh7 Kxd6 36. Rh4 Kxe7 37. Rxa4 Kf6 38. h4 Re5 39. Kg2 Rb5
40. f4 Kg7 41. Kh3 Kh6 42. Kg4 Rc5 43. Re4 Ra5 44. Re5 Ra6 45. h5 1-0

[Event "St Petersburg Summer rapid"]
[Site "St Petersburg"]
[Date "2015.08.30"]
[Round "8"]
[White "Novikov, Stanislav"]
[Black "Svidler, Peter"]
[Result "1/2-1/2"]
[WhiteElo "2536"]
[BlackElo "2739"]
[PlyCount "49"]
[EventDate "2015.08.29"]
[EventType "swiss (rapid)"]
[EventRounds "11"]
[EventCountry "RUS"]
[SourceTitle "EXT 2016"]
[Source "ChessBase"]
[SourceDate "2015.10.08"]
[SourceVersion "1"]
[SourceVersionDate "2015.10.08"]
[SourceQuality "1"]

1. e4 c5 2. Nf3 e6 3. g3 Nf6 4. d3 d5 5. Qe2 Nc6 6. Bg2 g6 7. O-O Bg7 8. c3
dxe4 9. dxe4 e5 10. Bg5 O-O 11. Na3 Be6 12. Nc4 Qc7 13. Bxf6 Bxf6 14. Ne3 Ne7
15. h4 Rad8 16. c4 Nc6 17. Nd5 Bxd5 18. cxd5 Nd4 19. Nxd4 cxd4 20. Rfc1 Qb6 21.
Rc2 Rc8 22. Rac1 Rxc2 23. Rxc2 h5 24. Bf1 Be7 25. Qb5 1/2-1/2

[Event "St Petersburg Summer rapid"]
[Site "St Petersburg"]
[Date "2015.08.30"]
[Round "9"]
[White "Svidler, Peter"]
[Black "Khismatullin, Denis Rimovich"]
[Result "0-1"]
[WhiteElo "2739"]
[BlackElo "2642"]
[PlyCount "120"]
[EventDate "2015.08.29"]
[EventType "swiss (rapid)"]
[EventRounds "11"]
[EventCountry "RUS"]
[SourceTitle "EXT 2016"]
[Source "ChessBase"]
[SourceDate "2015.10.08"]
[SourceVersion "1"]
[SourceVersionDate "2015.10.08"]
[SourceQuality "1"]

1. e4 c5 2. Nf3 d6 3. d4 cxd4 4. Nxd4 Nf6 5. Nc3 a6 6. Be3 e5 7. Nb3 Be7 8. f3
Be6 9. Qd2 h5 10. Nd5 Nxd5 11. exd5 Bf5 12. Be2 Nd7 13. O-O O-O 14. Na5 Qc8 15.
c4 Bd8 16. Rac1 Nc5 17. Nb3 Bb6 18. Nxc5 Bxc5 19. b4 Bxe3+ 20. Qxe3 a5 21. b5
Qd8 22. c5 dxc5 23. Rxc5 Qd6 24. Rfc1 Rad8 25. a4 Rd7 26. h3 Rfd8 27. Bf1 Bg6
28. Kh1 Qf6 29. Bc4 Qd6 30. Bb3 Kh7 31. R5c3 f6 32. b6 Bf7 33. Rc7 Kg8 34. Qc5
Bxd5 35. Rxd7 Rxd7 36. Qxd6 Rxd6 37. Rd1 Bxb3 38. Rxd6 Bxa4 39. Rd8+ Kf7 40.
Rc8 Ke6 41. Rc7 Kd6 42. Rxg7 Bc6 43. Rf7 a4 44. Rxf6+ Kd5 45. Rf8 Kc4 46. g4
hxg4 47. hxg4 a3 48. g5 a2 49. Ra8 Kb3 50. g6 Bxf3+ 51. Kh2 Bd5 52. Ra5 Kb4 53.
Ra8 Kc3 54. Ra5 Bc4 55. Ra4 Be6 56. Ra5 Bc4 57. Ra4 Kb2 58. Rxc4 a1=Q 59. g7
Qa8 60. Rg4 Qg8 0-1

[Event "St Petersburg Summer rapid"]
[Site "St Petersburg"]
[Date "2015.08.30"]
[Round "10"]
[White "Klimov, Sergey"]
[Black "Svidler, Peter"]
[Result "0-1"]
[WhiteElo "2492"]
[BlackElo "2739"]
[PlyCount "54"]
[EventDate "2015.08.29"]
[EventType "swiss (rapid)"]
[EventRounds "11"]
[EventCountry "RUS"]
[SourceTitle "EXT 2016"]
[Source "ChessBase"]
[SourceDate "2015.10.08"]
[SourceVersion "1"]
[SourceVersionDate "2015.10.08"]
[SourceQuality "1"]

1. e4 c5 2. Nf3 e6 3. d4 cxd4 4. Nxd4 a6 5. Be2 Nf6 6. Nc3 Bb4 7. e5 Nd5 8. O-O
Nxc3 9. bxc3 Be7 10. f4 d6 11. Bd3 O-O 12. Qh5 g6 13. Qh6 f5 14. Be3 Qc7 15.
Nf3 Nc6 16. Rae1 dxe5 17. fxe5 b5 18. Ng5 Bxg5 19. Bxg5 Nxe5 20. Bf4 Qc5+ 21.
Be3 Qxc3 22. Qf4 Nxd3 23. cxd3 e5 24. Qh4 Be6 25. Bh6 Rf7 26. Kh1 Re8 27. Rc1
Qxd3 0-1

[Event "St Petersburg Summer rapid"]
[Site "St Petersburg"]
[Date "2015.08.30"]
[Round "11"]
[White "Svidler, Peter"]
[Black "Usmanov, Vasily"]
[Result "1-0"]
[WhiteElo "2739"]
[BlackElo "2452"]
[PlyCount "72"]
[EventDate "2015.08.29"]
[EventType "swiss (rapid)"]
[EventRounds "11"]
[EventCountry "RUS"]
[SourceTitle "EXT 2016"]
[Source "ChessBase"]
[SourceDate "2015.10.08"]
[SourceVersion "1"]
[SourceVersionDate "2015.10.08"]
[SourceQuality "1"]

1. Nf3 Nf6 2. g3 b5 3. Na3 a6 4. c4 Bb7 5. Bg2 e5 6. b3 e4 7. Nd4 c5 8. Nf5 g6
9. Ne3 d5 10. cxd5 Nxd5 11. Nxd5 Bxd5 12. Bb2 f6 13. Nc2 Bg7 14. Ne3 Bb7 15. d3
Qa5+ 16. Qd2 Qxd2+ 17. Kxd2 Nd7 18. Bxe4 Bxe4 19. dxe4 Kf7 20. Kc2 Rhe8 21.
Rhd1 Ra7 22. a4 Rb7 23. Rd6 Rxe4 24. Rxa6 Bh6 25. axb5 Bxe3 26. Ra7 Rxb5 27.
Rxd7+ Ke6 28. Rxh7 Bd4 29. Bxd4 cxd4 30. Ra6+ Kf5 31. Rf7 Rxe2+ 32. Kd3 Re6 33.
g4+ Ke5 34. f4+ Kd5 35. Rd7+ Kc5 36. Rxe6 Rxb3+ 1-0